000 00467nam a2200169Ia 4500
999 _c33222
_d33222
003 OSt
005 20200824122056.0
008 190216s9999||||xx |||||||||||||| ||und||
040 _coclc
082 _a530.41
_bSIN/S
100 _aSinghal, R L
_94299
245 0 _aSolid State Physics /
_cR L Singhal
260 _bKedernath Ramnath,
_c1993.
_aMeerut:
300 _a621p
650 _aPhysics
942 _cBK
_2ddc
_h530.41
_iSIN/S
_k530.41
_mSIN/S